000 00867cab a2200265 4500
001 ABS57564
008 090401t1997 xxu||||| |||| 00| 0 eng d
035 _a(Sirsi) u80855
041 _aeng
100 _aBrewer, G.
245 _aIn the final analysis
260 _c1997
350 _a0
490 _aContract Journal
_v390(6142) 10 September 1997, 23(1)
520 _aDiscusses the case "South Tyneside BC v John Mowlem and Co" which considered the finality of final certification by architects under JCT 1980 contract.
650 _aSOUTH TYNESIDE MDC V JOHN MOWLEM AND CO
650 _aCONTRACT CLAIMS
650 _aDEFECTS
650 _aFINAL CERTIFICATES
650 _aJCT STANDARD FORM OF BUILDING CONTRACT (1980 EDITION)
650 _aLIABILITY
690 _aBUILT ENVIRONMENT-BUILDING CONTRACT FORMS
942 _n0
948 _c12/09/1997
999 _c50926
_d50926